| 000 | 00583nam a2200205 i 4500 | ||
|---|---|---|---|
| 001 | 62034 | ||
| 003 | ES-MaACL | ||
| 005 | 20251018063046.0 | ||
| 007 | t| | ||
| 008 | 031117s1954 sp ||||1| spa d | ||
| 100 | 1 |
_aFaulkner, William, _d1897-1962 _9242365 |
|
| 245 | 1 | 3 |
_aLa paga de los soldados / _cWilliam Faulkner. |
| 250 | _a[1ยช ed.]. | ||
| 260 |
_aBarcelona : _bLuis de Caralt, _cWilliam Faulkner ( _fCondal) |
||
| 300 |
_a314 p. ; _c20 cm. |
||
| 490 | 1 | _aGigante | |
| 830 | 0 |
_aGigante _9181050 |
|
| 852 |
_aES-MaACL _jC-9273 _bR.36903 |
||
| 999 |
_c62034 _d62034 |
||